<?xml version="1.0" encoding="UTF-8"?>
<record
    xmlns:xsi="http://www.w3.org/2001/XMLSchema-instance"
    xsi:schemaLocation="http://www.loc.gov/MARC21/slim http://www.loc.gov/standards/marcxml/schema/MARC21slim.xsd"
    xmlns="http://www.loc.gov/MARC21/slim">

  <leader>00469nam a22001457a 4500</leader>
  <controlfield tag="005">20170912120032.0</controlfield>
  <controlfield tag="008">170912b        xxu||||| |||| 00| 0 eng d</controlfield>
  <datafield tag="040" ind1=" " ind2=" ">
    <subfield code="c">PK-LaUMT</subfield>
  </datafield>
  <datafield tag="082" ind1=" " ind2=" ">
    <subfield code="a">PKAC 297.071016</subfield>
    <subfield code="b">KHU-I</subfield>
  </datafield>
  <datafield tag="100" ind1=" " ind2=" ">
    <subfield code="a">Khursheed Ahmad</subfield>
  </datafield>
  <datafield tag="245" ind1=" " ind2=" ">
    <subfield code="a">Islami nizam e taleem aur Pakistan kay hawalay say sharah kitabiat e taleem/</subfield>
    <subfield code="c">Khursheed Ahmad</subfield>
  </datafield>
  <datafield tag="260" ind1=" " ind2=" ">
    <subfield code="a">&#x627;&#x633;&#x644;&#x627;&#x645; &#x622;&#x628;&#x627;&#x62F;:</subfield>
    <subfield code="b">&#x627;&#x646;&#x633;&#x679;&#x6CC; &#x679;&#x6CC;&#x648;&#x679; &#x622;&#x641; &#x67E;&#x627;&#x644;&#x6CC;&#x633;&#x6CC; &#x60C;</subfield>
    <subfield code="c">1981</subfield>
  </datafield>
  <datafield tag="300" ind1=" " ind2=" ">
    <subfield code="a">88 &#x635;</subfield>
  </datafield>
  <datafield tag="942" ind1=" " ind2=" ">
    <subfield code="c">BK</subfield>
  </datafield>
  <datafield tag="999" ind1=" " ind2=" ">
    <subfield code="c">98135</subfield>
    <subfield code="d">98135</subfield>
  </datafield>
  <datafield tag="952" ind1=" " ind2=" ">
    <subfield code="0">0</subfield>
    <subfield code="1">0</subfield>
    <subfield code="4">0</subfield>
    <subfield code="7">0</subfield>
    <subfield code="a">01</subfield>
    <subfield code="b">01</subfield>
    <subfield code="d">2017-09-12</subfield>
    <subfield code="l">0</subfield>
    <subfield code="o">PKAC 297.071016 KHU-I</subfield>
    <subfield code="p">113727</subfield>
    <subfield code="r">2017-09-12 00:00:00</subfield>
    <subfield code="w">2017-09-12</subfield>
    <subfield code="y">BK</subfield>
  </datafield>
</record>
